BUBT Library Online Catalog

Earthquake, tsunami and geology of Bangladesh / (Record no. 6272)

000 -LEADER
fixed length control field 00564nam a22001817a 4500
003 - CONTROL NUMBER IDENTIFIER
control field BUBTL
008 - FIXED-LENGTH DATA ELEMENTS--GENERAL INFORMATION
fixed length control field 200206b xxu||||| |||| 00| 0 eng d
020 ## - INTERNATIONAL STANDARD BOOK NUMBER
International Standard Book Number 9843000027030
082 ## - DEWEY DECIMAL CLASSIFICATION NUMBER
Classification number 555.492 / K5271e
100 ## - MAIN ENTRY--PERSONAL NAME
9 (RLIN) 3005
Personal name Khan, Aftab Alam
245 ## - TITLE STATEMENT
Title Earthquake, tsunami and geology of Bangladesh /
Statement of responsibility, etc. Aftab Alam Khan
260 ## - PUBLICATION, DISTRIBUTION, ETC. (IMPRINT)
Place of publication, distribution, etc. Dhaka :
Name of publisher, distributor, etc. The University Grants Commission of Bangladesh,
Date of publication, distribution, etc. c2010.
300 ## - PHYSICAL DESCRIPTION
Extent xvi, 331 p. :
Other physical details ill. ;
Dimensions 22 cm.
650 #0 - SUBJECT ADDED ENTRY--TOPICAL TERM
9 (RLIN) 3008
Topical term or geographic name as entry element Geology
856 ## - ELECTRONIC LOCATION AND ACCESS
Password 0
Logon 0
Link text Download
942 ## - ADDED ENTRY ELEMENTS (KOHA)
Source of classification or shelving scheme
Koha item type Books
Holdings
Withdrawn status Lost status Source of classification or shelving scheme Damaged status Not for loan Collection code Permanent location Current location Shelving location Date acquired Source of acquisition Inventory number Total Checkouts Full call number Barcode Date last seen Copy number Price effective from Koha item type
          Non-fiction Bangladesh University of Business and Technology Library Bangladesh University of Business and Technology Library General Stacks 11/10/2010 Purchase 7226   555.492 / K5271e BUBTL-20037226 02/06/2020 C-1 02/06/2020 Books
          Non-fiction Bangladesh University of Business and Technology Library Bangladesh University of Business and Technology Library General Stacks 11/10/2010 Purchase 7227   555.492 / K5271e BUBTL-20037227 02/06/2020 C-2 02/06/2020 Books
          Non-fiction Bangladesh University of Business and Technology Library Bangladesh University of Business and Technology Library General Stacks 11/10/2010 Purchase 7228   555.492 / K5271e BUBTL-20037228 02/06/2020 C-3 02/06/2020 Books
          Non-fiction Bangladesh University of Business and Technology Library Bangladesh University of Business and Technology Library General Stacks 10/23/2012 Purchase 14975   555.492 / K5271e BUBTL-200314975 02/06/2020 C-4 02/06/2020 Books
          Non-fiction Bangladesh University of Business and Technology Library Bangladesh University of Business and Technology Library General Stacks 10/23/2012 Purchase 14976   555.492 / K5271e BUBTL-200314976 02/06/2020 C-5 02/06/2020 Books
          Non-fiction Bangladesh University of Business and Technology Library Bangladesh University of Business and Technology Library General Stacks 10/23/2012 Purchase 14977   555.492 / K5271e BUBTL-200314977 02/06/2020 C-6 02/06/2020 Books

More Information About Library

Library Hours

  • Open: 9.00 am. to 9.00 pm.
  • Only Sunday: 9.00 am. to 6.00 pm.
  • Closed: Holiday

Contact to the University

Bangladesh University of Business and Technology Library

  • Mirpurl-2, 1216.
  • Phone:
  • Fax:
  • E-Mail: admin.library@bubt.edu.bd

Contact to the Library

Contact Person:

Md. Abdul Hakim Shah
Joint Librarian
PABX No:  113
Cell No: 01816332931
E-mail: official: admin.library@bubt.edu.bd
Personal: hakim.shah@bubt.edu.bd


BUBT Library

Copyright © 2021